00523nam a2200193 a 4500001001300000003000900013005001700022008004100039020000800080082001500088100002400103245003900127260005000166300001000216500003500226505002200261650002200283700002400305nice12345678IN_TiNIC20260116011819.0050524s1964 hyda grp 000 0 urd  ac500a297.1bQAD aQadiri, S Muinuddin aUloom-E-Imrani Ki Qurani Bunyaden. aHyderabadbNational Fine Printing Pressc1964 a119p. aincludes index and biblioraphy2 aVarious Documents aSociology-Islamic1 aQadiri, S Muinuddin